| 000 | 01100nam a2200349 i 4500 | ||
|---|---|---|---|
| 001 | 44256 | ||
| 003 | ES-MaCES | ||
| 005 | 20160321124134.0 | ||
| 008 | 091216s2013 sp d s o000 | spa d | ||
| 017 |
_aB 17066-2013 _bDL |
||
| 020 | _a9788498752915 | ||
| 040 |
_aES-MaCES _bspa _cES-MaCES |
||
| 100 | 1 |
_934737 _aRodríguez, Delia |
|
| 245 | 1 | 0 |
_aMemecracia _b: los virales que nos gobiernan _cDelia Rodríguez |
| 260 |
_aBarcelona _bGestión 2000 _c[2013] |
||
| 300 |
_a206 p. _c20 cm |
||
| 500 | _aEn la cub.: Cómo las ideas contagiosas usan internet para manipular tu mente | ||
| 504 | _aBibliografía: p. 203-206 | ||
| 541 | _cCompra | ||
| 650 | 4 |
_asistema de información _928920 |
|
| 650 | 4 |
_aideología _927272 |
|
| 650 | 4 |
_aideología política _927239 |
|
| 650 | 4 |
_aopinión _927275 |
|
| 650 | 4 |
_aconsumo _927907 |
|
| 650 | 4 |
_asistema de valores _929392 |
|
| 650 | 4 |
_atoma de decisiones _928194 |
|
| 650 | 4 |
_aInternet _930572 |
|
| 650 | 4 |
_adifusión de la información _928915 |
|
| 653 | 1 | 0 | _aCiencias Sociales-Políticas |
| 902 | _aLIB Libro | ||
| 942 |
_2CES _cBK _h7.0. |
||
| 999 |
_c44256 _d44256 |
||